000 00538nam a2200217Ia 4500
003 OSt
005 20220928144144.0
006 a|||||r|||| 00| 0
007 ta
008 220927b |||||||| |||| 00| 0 eng d
024 _a25647
037 _cTextual
040 _aSDCL
_cSDCL
_beng
041 _2eng
_aeng
082 _aO152,1J32:g, K5;1
100 _aGupta Mataprasad
_9507200
245 0 _aTulsidas.
260 _c1965
942 _hO152,1J32:g, K5;1
_cTEXL
_2CC
999 _c826518
_d826518